000
00320nam a22001337a 4500
008
250825b |||||||| |||| 00| 0 eng d
020
_a
9780198826712
040
_a
02
100
_a
WIFFEN,PHILIP
245
_a
OXFORD HAND BOOK OF CLINICAL PHARMACY
260
_a
NEW DELHI
_b
OXFORD
_c
2017
300
_a
728
942
_c
01
999
_c
65980
_d
65980